Gaming Quiz

Random Gaming or Soccer Quiz
Score 0/25 Timer 10:00
1 Play Today
Hint Player % Correct
Barcelona / RW / ArgentinaLionel Messi
100%
Barcelona / ST / UruguayLuis Suárez
100%
Real Madrid / CB / SpainSergio Ramos
100%
Real Madrid / CB / FranceRaphaël Varane
99.5%
Atlético Madrid / GK / SloveniaJan Oblak
99.5%
Real Madrid / CF / FranceKarim Benzema
99.1%
Barcelona / LW / FranceAntoine Griezmann
99.1%
Real Madrid / CM / GermanyToni Kroos
98.6%
Barcelona / GK / GermanyMarc-André Ter Stegen
98.6%
Real Madrid / RB / SpainDani Carvajal
98.6%
Barcelona / CM / NetherlandsFrenkie De Jong
98.1%
Real Betis / CAM / FranceNabil Fekir
95.3%
Real Sociedad / CM / NorwayMartin Ødegaard
89.6%
Hint Player % Correct
Valencia / CM / SpainDaniel Parejo
89.6%
Atlético Madrid / CM / SpainSaúl Ñíguez
88.2%
Real Madrid / ST / Dominican RepublicMariano Díaz
87.2%
Barcelona / LW / SpainAnsu Fati
87%
Villarreal / CM / SpainSanti Cazorla
82%
Villarreal / RM / SpainGerard Moreno
79.1%
Sevilla / RW / ArgentinaLucas Ocampos
78.7%
Sevilla / CB / BrazilDiego Carlos
77.3%
Deportivo Alavés / ST / SpainLucas Pérez
67.8%
Athletic Club / LB / SpainYuri Berchiche
66.8%
Sevilla / LB / SpainSergio Reguilón
62.1%
Osasuna / ST / ArgentinaEzequiel Ávila
42.1%
Remove Ads.
Support Sporcle.
Get the best of Sporcle when you Go Orange. This ad-free experience offers more features, more stats, and more fun while also helping to support Sporcle. Thank you for becoming a member.

You're not logged in!

Compare scores with friends on all Sporcle quizzes.
OR
Log In

Sporcle TV

Today on Sporcle TV


Watch our educational content, quiz creation guides, and fun videos on Sporcle TV.

Show Comments

Extras

Top Quizzes Today


Score Distribution

Paid Content

Your Account Isn't Verified!

In order to create a playlist on Sporcle, you need to verify the email address you used during registration. Go to your Sporcle Settings to finish the process.

Report this User

Report this user for behavior that violates our Community Guidelines.

Details: